| 000 | 00000nam##2200000za#4500 |
| 001 | 9.642574 |
| 003 | CaOODSP |
| 005 | 20210624223754 |
| 007 | cr ||||||||||| |
| 008 | 150407|2008||||xxc|||||o f|0| 0 fre|d |
| 040 | |aCaOODSP|bfre |
| 043 | |an-cn--- |
| 086 | 1 |aEn4-229/2008F-PDF |
| 110 | 1 |aCanada.|bEnvironnement Canada. |bDivision des gaz à effet de serre. |
| 245 | 10|aAnnexe A - protocole d'estimation et de déclaration des émissions de SF6 pour les services d'électricité : |h[ressource électronique]|bversion finale / |cpréparé par Division des gaz à effet de serre d'Environnement Canada et Association canadienne de l'électricité. |
| 260 | |aGatineau - Québec : |bEnvironnement Canada. |cFévrier 2008. |
| 300 | |a46p.|bfigures, références, tableaux |
| 590 | |a14-01-Supp|b2014-01-07 |
| 691 | 07|aÉquipement électrique|2gcpds |
| 691 | 07|aGaz à effet de serre|2gcpds |
| 775 | 08|tAnnex A - SF6 emission estimation and reporting protocol for electric utilities : |w(CaOODSP)9.698565 |
| 856 | 40|ahttp://publications.gc.ca|qPDF|s390 Ko|uhttps://publications.gc.ca/collections/collection_2013/ec/En4-229-2008-fra.pdf |